_ _ Y Words Quiz Stats

 Plays Quiz Updated Oct 26, 2014

Challenge
Share
Tweet
Embed
Score 0/53 Timer 04:00
0 Plays Today
% Correct
bay
94.3%
day
93.7%
may
92.9%
lay
91.9%
hay
91.4%
say
91%
gay
89.8%
pay
89.2%
nay
87.9%
boy
86.6%
cay
84.4%
jay
83.6%
ray
82.8%
way
82.4%
coy
82.2%
fay
81.2%
hey
79.5%
buy
78.5%
cry
77.8%
toy
77.2%
soy
76.1%
fry
74.6%
kay
74.5%
bey
73.7%
dry
71.6%
fey
70.9%
try
70.8%
% Correct
joy
70.6%
hoy
70.3%
foy
69.4%
guy
69.3%
fly
69.2%
goy
66.9%
any
64.7%
dey
63.9%
pry
62.9%
sly
62.4%
ley
61%
gey
57.9%
key
56.4%
sty
56.2%
shy
54.8%
ply
54.6%
why
54.5%
sky
53.7%
wry
52.4%
yay
51.5%
spy
50.5%
aby
38.2%
thy
34.4%
icy
26.3%
ivy
24.3%
oxy
7.9%

You're not logged in!

Compare scores with friends on all Sporcle quizzes.
OR
Log In

You Might Also Like...

Show Comments

Extras

Top Quizzes Today


Score Distribution

Your Account Isn't Verified!

In order to create a playlist on Sporcle, you need to verify the email address you used during registration. Go to your Sporcle Settings to finish the process.

Report this User

Report this user for behavior that violates our Community Guidelines.

Details: